LEADER 00816naa a2200205 u 4500 001 000000100834 003 CaOOAMICUS 005 20070226130204.0 008 051202s1986 it u000 u ita u 035 $a11071178 040 $aIAR$bita 100 1 $aPeri, Vittorio,$csac.,$d1932-2006.$0(OLS)http://pul/name/789 245 10$aEzio Franceschini :$bProfilo di un protagonista /$cVittorio Peri. 260 $a[Milano :$bVita e pensiero],$c[1986] 300 $aS. 465-505 ;$c25 cm 600 14$aFranceschini, Ezio,$d1906-1983.$0(OLS)http://pul/subject/9477 730 0 $aAevum$g[Spogli].$0(OLS)http://pul/title/11692 773 0 $tAevum$k60 (1986)$w()8026 996 $6245$aEzio Franceschini :$bProfilo di un protagonista$9(OLS)http://pul/title/127733 996 $6260$a[Milano :$bVita e pensiero]$9(OLS)http://pul/publisher/79155 LEADER 01303naa a2200229 u 4500 001 000000094285 003 CaOOAMICUS 005 20070226130137.0 008 010830s1995 fr u000 u fre u 035 $a10900631 040 $aPUL(R)$bita 100 1 $aKamto, Maurice.$0(OLS)http://pul/name/60629 245 14$aLes actes de l'Organisation [pour l'interdiction des armes chimiques] /$cMaurice Kamto. 260 $a[S. l. :$bs. n.],$c1995. 300 $aP. [343-362] 504 $aBibliografia in nota. 610 24$aOrganization for the prohibition of chemical weapons.$0(OLS)http://pul/subject/30115 650 4$aDisarmo.$0(OLS)http://pul/subject/18878 773 0 $aAcadémie de droit international.$tColloque = Workshop$g1994 773 0 $aAcadémie de droit international.$tLa Convention sur l'interdiction et l'élimination des armes chimiques : une percée dans l'enterprise multilatérale du désarmement : Colloque, La Haye, 24-26 novembre 1994 = The convention of the prohibition and eliminations of chemical weapons : a breakthrough in multilateral disarmament : Workshop, The Hague, 24-26 november 1994$w()61055 996 $6245$aLes actes de l'Organisation [pour l'interdiction des armes chimiques]$9(OLS)http://pul/title/121148 996 $6260$a[S. l. :$bs. n.]$9(OLS)http://pul/publisher/47882